Physical activities toward health and fitness PATHFIT 4 team sports : (Record no. 87415)

MARC details
000 -LEADER
fixed length control field 01205nam a22003377a 4500
003 - CONTROL NUMBER IDENTIFIER
control field URS
005 - DATE AND TIME OF LATEST TRANSACTION
control field 20260204145111.0
008 - FIXED-LENGTH DATA ELEMENTS--GENERAL INFORMATION
fixed length control field 251022b |||||||| |||| 00| 0 eng d
020 ## - INTERNATIONAL STANDARD BOOK NUMBER
International Standard Book Number 978-621-08-0121-7
040 ## - CATALOGING SOURCE
Description conventions rda
Transcribing agency URS
Language of cataloging English
050 ## - LIBRARY OF CONGRESS CALL NUMBER
Classification number GV 341
Item number .P2735 2025
245 10 - TITLE STATEMENT
Title Physical activities toward health and fitness PATHFIT 4 team sports :
Remainder of title basketball and volleyball /
Statement of responsibility, etc John Paul R Domingo...[et.al.].
264 #1 - PUBLICATION, DISTRIBUTION, ETC. (IMPRINT)
Date of publication, distribution, etc Malabon City :
Place of publication, distribution, etc Mutya Publishing House,
Name of publisher, distributor, etc ©2025.
300 ## - PHYSICAL DESCRIPTION
Extent [iv], 99 pages ;
Other physical details illustrations ,
Dimensions 25 cm.
336 ## - CONTENT TYPE
Content type term text
Content type code txt
Source rdacontent
337 ## - MEDIA TYPE
Media type term unmediated
Media type code n
Source rdamedia
338 ## - CARRIER TYPE
Carrier type term volume
Carrier type code nc
Source rdacarrier
504 ## - BIBLIOGRAPHY, ETC. NOTE
Bibliography, etc Includes appendices and bibliographical references.
650 #0 - SUBJECT ADDED ENTRY--TOPICAL TERM
Topical term or geographic name as entry element Physical education and training.
650 ## - SUBJECT ADDED ENTRY--TOPICAL TERM
Topical term or geographic name as entry element Team Sports.
650 ## - SUBJECT ADDED ENTRY--TOPICAL TERM
Topical term or geographic name as entry element Physical education and training.
650 ## - SUBJECT ADDED ENTRY--TOPICAL TERM
Topical term or geographic name as entry element Sports.
650 ## - SUBJECT ADDED ENTRY--TOPICAL TERM
Topical term or geographic name as entry element Volleyball.
650 ## - SUBJECT ADDED ENTRY--TOPICAL TERM
Topical term or geographic name as entry element Basketball.
700 ## - ADDED ENTRY--PERSONAL NAME
Personal name Domingo, John Paul R.,
Relator term author.
9 (RLIN) 6553
700 ## - ADDED ENTRY--PERSONAL NAME
Personal name Del Rosario, Jhomel E.,
Relator term author.
9 (RLIN) 6554
700 ## - ADDED ENTRY--PERSONAL NAME
Personal name Del Rosario, Leo S.,
Relator term author.
9 (RLIN) 6555
700 ## - ADDED ENTRY--PERSONAL NAME
Personal name Velasco, Venus S.,
Relator term author.
9 (RLIN) 6556
700 ## - ADDED ENTRY--PERSONAL NAME
Personal name Amil, Centhony L.,
Relator term author.
9 (RLIN) 6557
942 ## - ADDED ENTRY ELEMENTS (KOHA)
Source of classification or shelving scheme Library of Congress Classification
Koha item type Filipiniana
Holdings
Withdrawn status Lost status Source of classification or shelving scheme Damaged status Not for loan Collection code Home library Current library Shelving location Date acquired Source of acquisition Total Checkouts Full call number Barcode Date last seen Copy number Koha item type Price effective from
    Library of Congress Classification     Non-fiction Binangonan College Library Binangonan College Library Filipiniana Section 02/12/2026 Purchased   GV 341 .P2735 2025 URSBIN-FIL4169 02/12/2026 2 Filipiniana 02/12/2026
    Library of Congress Classification     Non-fiction Binangonan College Library Binangonan College Library Filipiniana Section 02/12/2026 Purchased   GV 341 .P2735 2025 URSBIN-FIL4170 02/12/2026 1 Filipiniana 02/12/2026
    Library of Congress Classification       Rodriguez College Library Rodriguez College Library Filipiniana Section 02/04/2026 Purchased   GV 341 .P2735 2025 URSROD-5409 02/04/2026 C1 Filipiniana 02/04/2026
    Library of Congress Classification       Rodriguez College Library Rodriguez College Library Filipiniana Section 02/04/2026 Purchased   GV 341 .P2735 2025 URSROD-5410 02/04/2026 c2 Filipiniana 02/04/2026
    Library of Congress Classification     Non-fiction Taytay College Library Taytay College Library Filipiniana Section 10/21/2025 Purchased   GV341 .P569d 2025 URSTAY-5949 10/22/2025 1 Filipiniana  
    Library of Congress Classification     Non-fiction Taytay College Library Taytay College Library Filipiniana Section 10/21/2025 Purchased   GV341 .P569d 2025 URSTAY-5950 10/22/2025 2 Filipiniana  
    Library of Congress Classification     Non-fiction Taytay College Library Taytay College Library Filipiniana Section 10/21/2025 Purchased   GV341 .P569d 2025 URSTAY-5951 10/22/2025 3 Filipiniana  
    Library of Congress Classification     Non-fiction Taytay College Library Taytay College Library Filipiniana Section 10/21/2025 Purchased   GV341 .P569d 2025 URSTAY-5952 10/22/2025 4 Filipiniana  

University of Rizal System
Email us at univlibservices@urs.edu.ph

Visit our Website www.urs.edu.ph/library